LDR 00922naa#a2200181#i#450# 001 RU\\bibl\20296 005 20260701172530.3 100 ## _a20260630b2026####ek#y0rusy0150####ca 102 ## _aRU 200 1# _aПЕРСПЕКТИВЫ РАЗВИТИЯ ИНФОРМАЦИОННОЙ СИСТЕМЫ ДЛЯ КОЛЛЕКТИВНОГО ОБМЕНА УЧЕБНЫМИ МАТЕРИАЛАМИ В СТУДЕНЧЕСКОЙ СРЕДЕ _eСтатья/тезисы конференции 210 1# _aВоронеж _cВоронежский государственный лесотехнический университет имени Г.Ф. Морозова _d2026 215 ## _a3 с. 608 ## _aСтатья/тезисы конференции _2local 675 ## _aПрограммные средства. 004.4 _z 700 #1 _aЧистяков _gЯ. Р. 700 #1 _aАвилова _gО. А. 700 #1 _aНетесова _gС. В. 856 4# _abibl.vgltu.ru _u